[Event "Open 13 2010/2011"]
[Site "Vitrolles"]
[Date "2010.11.06"]
[Round "2"]
[White "Battaglia, Gerard"]
[Black "Charvein, Gabriel"]
[Result "0-1"]
[WhiteElo "1896"]
[BlackElo "1679"]
[PlyCount "95"]
[EventDate "2010.??.??"]

1. d4 Nf6 2. c4 c5 3. d5 b5 4. cxb5 a6 5. f3 d6 6. e4 g6 7. Nc3 Bg7 8. Be3 O-O
9. bxa6 Bxa6 10. Bxa6 Nxa6 11. Qd2 e6 12. dxe6 fxe6 13. Rd1 d5 14. exd5 Nxd5
15. Nxd5 exd5 16. Ne2 Re8 17. Kf2 d4 18. Bf4 Nb4 19. a3 Nd5 20. Bg5 Qd6 21. Ng3
Ne3 22. Rc1 Rac8 23. Ne4 Qd5 24. h4 Rf8 25. Kg1 Nf5 26. Qa5 d3 27. Kh2 Bd4 28.
Rhe1 h6 29. Bd2 Nxh4 30. Ng3 Nxg2 31. Re4 Rxf3 32. Qa6 Rc6 33. Qa8+ Rf8 34. Re8
Rxe8 35. Qxe8+ Kg7 36. Rf1 Bf6 37. Ne4 Nh4 38. Rxf6 Rxf6 39. Bc3 Nf3+ 40. Kg3
Nd4 41. Bxd4 Qxd4 42. Nxf6 Kxf6 43. Qc6+ Kg5 44. Qf3 Qh4+ 45. Kg2 Qg4+ 46.
Qxg4+ Kxg4 47. a4 d2 48. Kf2 0-1

[Event "Open 13 2010/2011"]
[Site "Vitrolles"]
[Date "2010.11.06"]
[Round "2"]
[White "Flores, Antonio"]
[Black "Figier, Anthony"]
[Result "0-1"]
[WhiteElo "1755"]
[BlackElo "1676"]
[PlyCount "60"]
[EventDate "2010.??.??"]

1. d4 d5 2. c4 c6 3. Nc3 Nf6 4. Nf3 e6 5. Bg5 dxc4 6. e4 b5 7. e5 h6 8. Bh4 g5
9. Nxg5 hxg5 10. Bxg5 Nbd7 11. exf6 Bh6 12. Qh5 Nxf6 13. Qh4 Bg7 14. Qf4 Nd5
15. Qg3 Bf6 16. Ne4 Bxg5 17. Nxg5 Qa5+ 18. Ke2 Qb4 19. Rb1 c3 20. Qf3 Rf8 21.
Ne4 c2 22. Rc1 Qxb2 23. Kd2 Qxd4+ 24. Qd3 Qb4+ 25. Kxc2 Bb7 26. Rb1 Qa4+ 27.
Rb3 Nb4+ 28. Kc3 Nxd3 29. Bxd3 O-O-O 30. Nc5 Qd4+ 0-1

[Event "Open 13 2010/2011"]
[Site "Vitrolles"]
[Date "2010.11.06"]
[Round "2"]
[White "Desmas, William"]
[Black "Dudognon, Thibault"]
[Result "0-1"]
[WhiteElo "1710"]
[BlackElo "1665"]
[PlyCount "98"]
[EventDate "2010.??.??"]

1. d4 Nf6 2. c4 c5 3. d5 e6 4. Nc3 exd5 5. cxd5 d6 6. e4 g6 7. f3 Bg7 8. Bg5
O-O 9. Qd2 a6 10. Rc1 b5 11. b3 Re8 12. Bd3 Nbd7 13. Nge2 Qb6 14. O-O h6 15.
Be3 Ne5 16. Bb1 Kh7 17. Nd1 b4 18. Nf2 a5 19. h3 Qd8 20. Nf4 Ba6 21. Bd3 g5 22.
Ne2 Bxd3 23. Nxd3 Nh5 24. g4 Nxd3 25. Qxd3 Nf4 26. Nxf4 gxf4 27. Bxf4 Kg8 28.
Qd2 Bc3 29. Qh2 Be5 30. Kg2 Qf6 31. Bxe5 Qxe5 32. Qxe5 Rxe5 33. Kg3 a4 34. Ra1
Re7 35. a3 axb3 36. axb4 Rxa1 37. Rxa1 c4 38. Rb1 Rb7 39. e5 dxe5 40. f4 e4 41.
Kf2 Rxb4 42. d6 Kf8 43. Rd1 Ke8 44. h4 b2 45. g5 hxg5 46. h5 b1=Q 47. Rxb1 Rxb1
48. Kg2 Kd7 49. fxg5 c3 0-1

[Event "Open 13 2010/2011"]
[Site "Vitrolles"]
[Date "2010.11.06"]
[Round "2"]
[White "Mallan, Charles"]
[Black "Scamaroni, Jean-Paul"]
[Result "1-0"]
[WhiteElo "1710"]
[BlackElo "1656"]
[PlyCount "37"]
[EventDate "2010.??.??"]

1. c4 g6 2. Nc3 Bg7 3. g3 c5 4. Bg2 Nc6 5. d3 d6 6. Nf3 Nh6 7. Bd2 Nf5 8. a3
Ncd4 9. e3 Nxf3+ 10. Bxf3 e6 11. Rb1 O-O 12. O-O a6 13. b4 cxb4 14. Rxb4 Rb8
15. Qc2 Ne7 16. Rfb1 Bxc3 17. Bxc3 Qc7 18. Qb2 d5 19. Be5 1-0

[Event "Open 13 2010/2011"]
[Site "Vitrolles"]
[Date "2010.11.06"]
[Round "2"]
[White "Blanc, Michel"]
[Black "Parroco, Pierre-Jean"]
[Result "0-1"]
[WhiteElo "1662"]
[BlackElo "1686"]
[PlyCount "114"]
[EventDate "2010.??.??"]

1. Nf3 Nf6 2. d4 g6 3. Bf4 Bg7 4. e3 Nh5 5. Bg5 h6 6. Bh4 g5 7. Nfd2 Nf6 8. Bg3
d6 9. Be2 Bf5 10. c4 Ne4 11. Bf3 Nxg3 12. hxg3 c6 13. Qb3 Qb6 14. Nc3 Qxb3 15.
Nxb3 b6 16. Rc1 O-O 17. e4 Bd7 18. d5 Rc8 19. O-O c5 20. Rfe1 a5 21. Bh5 Na6
22. a3 Nc7 23. f4 Bxc3 24. Rxc3 b5 25. e5 Bf5 26. fxg5 bxc4 27. Nd2 Bd3 28.
Nxc4 Bxc4 29. Rxc4 Nxd5 30. exd6 exd6 31. gxh6 Ra7 32. Bf3 Ne7 33. Bg4 Rd8 34.
Rce4 Ng6 35. Bf5 Ne5 36. Rd1 f6 37. g4 Nf7 38. Be6 Kh7 39. Rd5 Kxh6 40. Rh5+
Kg7 41. Bf5 Ng5 42. Re2 d5 43. Kf2 d4 44. Ke1 d3 45. Rd2 Re7+ 46. Kd1 Re3 47.
Rh1 Ne4 48. Bxe4 Rxe4 49. Rh3 c4 50. b3 Rde8 51. Rh1 cxb3 52. Rxd3 a4 53. Rd7+
R8e7 54. Rxe7+ Rxe7 55. Rf1 Re4 56. g3 Rxg4 57. Rf3 Rc4 0-1

[Event "Open 13 2010/2011"]
[Site "Vitrolles"]
[Date "2010.12.04"]
[Round "3"]
[White "Madranges, Jean"]
[Black "Miguel, Alain"]
[Result "1-0"]
[WhiteElo "1770"]
[BlackElo "1856"]
[PlyCount "187"]
[EventDate "2010.??.??"]

1. d4 d5 2. Bf4 Nc6 3. e3 a6 4. c4 Nf6 5. Nc3 e6 6. Nf3 dxc4 7. Bxc4 Nd5 8. Bg3
b5 9. Bb3 Bb7 10. Nxd5 exd5 11. O-O Bd6 12. Bxd5 Bxg3 13. Bxc6+ Bxc6 14. hxg3
O-O 15. Ne5 Bb7 16. Rc1 f6 17. Nf3 Qd6 18. Rc5 g5 19. Qb3+ Rf7 20. Rfc1 Kg7 21.
Qc3 Rc8 22. Qd3 Re7 23. Qf5 Rf8 24. Qc2 Rff7 25. Qc3 Bd5 26. a3 h5 27. Qa5 c6
28. Qc3 Qe6 29. Nd2 h4 30. e4 hxg3 31. Qxg3 Bc4 32. e5 Bd5 33. exf6+ Rxf6 34.
Nf3 g4 35. Ne5 Qf5 36. Qxg4+ Qxg4 37. Nxg4 Rg6 38. Ne3 Rxe3 39. Rxd5 Rd3 40.
Rd7+ Kh6 41. Rc7 Rxd4 42. R7xc6 Rd1+ 43. Kh2 Rxc1 44. Rxc1 Rd6 45. Rc2 Kg5 46.
g3 Rd5 47. Kg2 a5 48. Re2 b4 49. axb4 axb4 50. Re4 b3 51. Rb4 Rd3 52. Kf1 Rd2
53. Rxb3 Rc2 54. Rb4 Kf5 55. Rf4+ Kg5 56. b4 Kh5 57. b5 Rb2 58. Rf5+ Kg4 59.
Rf4+ Kg5 60. Re4 Rxb5 61. Kg2 Rb2 62. Rf4 Rb3 63. Kh3 Rb1 64. Rf8 Rh1+ 65. Kg2
Rb1 66. f4+ Kg4 67. Rg8+ Kf5 68. Rg5+ Kf6 69. Kh3 Rh1+ 70. Kg4 Rf1 71. f5 Rg1
72. Rg6+ Kf7 73. Kh3 Rh1+ 74. Kg2 Rb1 75. g4 Rb3 76. Re6 Ra3 77. Kf2 Rb3 78.
Re3 Rb1 79. Kg3 Rg1+ 80. Kf4 Rb1 81. g5 Rf1+ 82. Ke5 Ra1 83. g6+ Kg7 84. Kd6
Ra6+ 85. Kc7 Ra7+ 86. Kb6 Rd7 87. Kc6 Ra7 88. Rb3 Kf6 89. Rb7 Ra6+ 90. Kb5 Ra8
91. Rf7+ Kg5 92. g7 Rg8 93. f6 Kg6 94. Rf8 1-0

[Event "Open 13 2010/2011"]
[Site "Vitrolles"]
[Date "2010.12.04"]
[Round "3"]
[White "Burmonas, Romain"]
[Black "Saada, Claude"]
[Result "1-0"]
[WhiteElo "1754"]
[BlackElo "1800"]
[PlyCount "121"]
[EventDate "2010.??.??"]

1. e4 e5 2. Nc3 Nf6 3. Bc4 Be7 4. d3 d6 5. f4 Nc6 6. f5 Na5 7. Nf3 Nxc4 8. dxc4
c6 9. Qd3 Qc7 10. Bg5 Bd7 11. O-O-O O-O-O 12. Nd2 Be8 13. Nb3 Ng4 14. Bxe7 Qxe7
15. Qd2 Nf6 16. Qe3 Kb8 17. Rd3 Bd7 18. Rhd1 Bc8 19. Qd2 Kc7 20. Qg5 Rhg8 21.
h3 b6 22. a4 Rd7 23. a5 Ba6 24. axb6+ axb6 25. Nd2 Qd8 26. Qe3 h5 27. Na4 Qb8
28. Rb3 Kd8 29. Rxb6 Qa8 30. Rb3 Bxc4 31. Nxc4 Qxa4 32. Qd3 d5 33. Nxe5 Nxe4
34. Ra3 Nf2 35. Rxa4 Nxd3+ 36. Rxd3 Rc7 37. Ra8+ Rc8 38. Nxc6+ Kd7 39. Rxc8
Rxc8 40. Ne5+ Ke7 41. Rxd5 Kf6 42. Nd7+ Ke7 43. Kd2 f6 44. Kd3 Ra8 45. Nb6 Ra1
46. Rd7+ Kf8 47. Nd5 Rg1 48. Ne3 Rb1 49. Rb7 Ra1 50. b4 Kg8 51. b5 Kh7 52. b6
Rb1 53. c4 Kh6 54. c5 Kg5 55. c6 Kf4 56. c7 Rb3+ 57. Kc4 Rxe3 58. c8=Q Re2 59.
Qc7+ Kxf5 60. Qd7+ Kf4 61. Qd4+ 1-0

[Event "Open 13 2010/2011"]
[Site "Vitrolles"]
[Date "2010.12.04"]
[Round "3"]
[White "Corrias, Robert"]
[Black "Anton, Jose"]
[Result "0-1"]
[WhiteElo "1760"]
[BlackElo "1888"]
[PlyCount "109"]
[EventDate "2010.??.??"]

1. c4 Nf6 2. Nc3 e5 3. e4 Bc5 4. d3 h6 5. Nf3 d6 6. Be2 Nc6 7. a3 a5 8. Nb5 O-O
9. O-O Ne7 10. Bd2 c6 11. Nc3 Re8 12. Rb1 Ng6 13. Qa4 Be6 14. Qc2 Bb6 15. Na4
Bc7 16. Rbc1 Rc8 17. b4 Nd7 18. Rfd1 d5 19. c5 d4 20. Qb2 axb4 21. axb4 Ra8 22.
Ra1 Qe7 23. Rdc1 Ra7 24. Nb6 Bxb6 25. cxb6 Rxa1 26. Rxa1 Nxb6 27. Ra5 f6 28.
Ne1 Ra8 29. Qa3 Qf8 30. g3 Qb8 31. f4 exf4 32. gxf4 Nxf4 33. Bxf4 Rxa5 34. bxa5
Qxf4 35. Ng2 Qd2 36. Bf1 Nd7 37. Qe7 Nf8 38. Qxb7 Qxa5 39. Qxc6 Qg5 40. Qd6 Qe5
41. Qxe5 fxe5 42. Nh4 Kf7 43. Kf2 Kf6 44. Be2 Ng6 45. Nxg6 Kxg6 46. Bd1 Kg5 47.
Kg3 Bd7 48. Bb3 Bb5 49. Bc2 h5 50. h4+ Kf6 51. Kf2 g5 52. hxg5+ Kxg5 53. Kg3
h4+ 54. Kf3 Bd7 55. Bd1 0-1

[Event "Open 13 2010/2011"]
[Site "Vitrolles"]
[Date "2010.12.04"]
[Round "3"]
[White "Vallette, Patrick"]
[Black "Kaser, Simon"]
[Result "1-0"]
[WhiteElo "1852"]
[BlackElo "1684"]
[PlyCount "91"]
[EventDate "2010.??.??"]

1. e4 c5 2. Nf3 Nc6 3. d4 cxd4 4. Nxd4 e5 5. Nb5 d6 6. N1c3 a6 7. Na3 b5 8. Nd5
Nge7 9. c3 f5 10. Be3 Rb8 11. Bd3 Be6 12. Bg5 Qd7 13. Bc2 f4 14. Bxe7 Bxe7 15.
Bb3 Rb7 16. Nxe7 Nxe7 17. O-O Rc7 18. Qd3 O-O 19. Rfd1 Rd8 20. Rd2 Bxb3 21.
axb3 d5 22. Rad1 d4 23. cxd4 Qxd4 24. Qxd4 Rxd4 25. Rxd4 exd4 26. f3 Rd7 27.
Nc2 Nc6 28. Rd3 Kf7 29. Kf2 Ke6 30. Ke2 Ke5 31. b4 Rd6 32. Ra3 g5 33. Rb3 Ke6
34. Ne1 Ne5 35. Nd3 Nc4 36. g3 Ne5 37. gxf4 Nxd3 38. f5+ Ke5 39. Kxd3 Rh6 40.
Ra3 Rxh2 41. Rxa6 Rf2 42. Re6+ Kf4 43. f6 Rxb2 44. f7 Rb3+ 45. Kxd4 Rxb4+ 46.
Kd5 1-0

[Event "Open 13 2010/2011"]
[Site "Vitrolles"]
[Date "2010.12.04"]
[Round "3"]
[White "Flores, Adrian"]
[Black "Urcun, Gael"]
[Result "1-0"]
[WhiteElo "1825"]
[BlackElo "1660"]
[PlyCount "93"]
[EventDate "2010.??.??"]

1. d4 Nf6 2. c4 g6 3. Nf3 Bg7 4. Nc3 O-O 5. e4 d6 6. Be2 e5 7. O-O Na6 8. Bg5
h6 9. dxe5 hxg5 10. exf6 Bxf6 11. Qd2 Be6 12. Nd4 Bd7 13. Nd5 Bg7 14. Rad1 Nc5
15. f3 g4 16. fxg4 Nxe4 17. Qf4 Ng5 18. Nxc7 Nh3+ 19. gxh3 Qxc7 20. Nf3 Qb6+
21. Kh1 Qxb2 22. Rd2 Qa3 23. Qxd6 Qxd6 24. Rxd6 Bc6 25. Kg1 Rfe8 26. Bd1 Re3
27. Kf2 Rc3 28. Kg1 Bf8 29. Rf6 Bc5+ 30. Kg2 Rd8 31. h4 Bd4 32. Rxc6 bxc6 33.
Ng5 Be5 34. Nf3 Bf6 35. c5 Rxc5 36. g5 Bg7 37. Bb3 Rf5 38. h5 gxh5 39. g6 Kf8
40. Bxf7 c5 41. Bb3 Rf6 42. Bf7 Rb6 43. Re1 Rb2+ 44. Kh1 Rf2 45. Ng5 Rxf7 46.
Ne6+ Kg8 47. gxf7+ 1-0

[Event "Open 13 2010/2011"]
[Site "Vitrolles"]
[Date "2010.12.04"]
[Round "3"]
[White "Del Vecchio, Alain"]
[Black "Noireaut, Hung"]
[Result "0-1"]
[WhiteElo "1799"]
[BlackElo "1793"]
[PlyCount "76"]
[EventDate "2010.??.??"]

1. e4 Nf6 2. e5 Nd5 3. c4 Nb6 4. d4 d6 5. exd6 cxd6 6. Nc3 g6 7. Be3 Bg7 8. Rc1
O-O 9. b3 Nc6 10. d5 Ne5 11. Be2 f5 12. f4 Ng4 13. Bd4 e5 14. dxe6 Bxe6 15. Nf3
h6 16. Bxg7 Kxg7 17. O-O Nf6 18. Qd4 Qe7 19. Rfd1 Rfd8 20. Nb5 d5 21. c5 Nc8
22. c6 bxc6 23. Rxc6 Bd7 24. Rc2 Nb6 25. Ne5 Bxb5 26. Bxb5 Rac8 27. Rdc1 Qd6
28. a4 Rxc2 29. Rxc2 Rc8 30. Bc6 Kh7 31. a5 Nbd7 32. Qxa7 Qb4 33. Qe3 Nxe5 34.
fxe5 Ng4 35. Qe2 Qd4+ 36. Kf1 Ne3+ 37. Ke1 Nxc2+ 38. Qxc2 Qg1+ 0-1

[Event "Open 13 2010/2011"]
[Site "Vitrolles"]
[Date "2010.12.04"]
[Round "3"]
[White "Charvein, Gabriel"]
[Black "Colandrea, Sauveur"]
[Result "0-1"]
[WhiteElo "1679"]
[BlackElo "1826"]
[PlyCount "88"]
[EventDate "2010.??.??"]

1. d4 b6 2. c4 e6 3. a3 Ba6 4. e3 d5 5. Nd2 Nf6 6. Ngf3 Bd6 7. Be2 O-O 8. O-O
c5 9. Rb1 Nc6 10. b3 Qc7 11. Qc2 Rac8 12. Bb2 cxd4 13. exd4 Rfe8 14. Rfe1 Qb8
15. Rbc1 Bf4 16. g3 Bh6 17. Ne5 Red8 18. Qd1 dxc4 19. Bxc4 Bb7 20. Nxc6 Bxc6
21. f4 Qb7 22. Qe2 Rc7 23. Ba6 Qa8 24. Bd3 Qb7 25. Ba6 Qa8 26. Bd3 Rcc8 27. Ba6
Bb7 28. Bxb7 Qxb7 29. Nf3 g6 30. Rxc8 Rxc8 31. d5 Nxd5 32. Qe5 Kf8 33. Qh8+ Ke7
34. Qxh7 Nxf4 35. Bf6+ Kxf6 36. Qxh6 Qxf3 37. Qxf4+ Qxf4 38. gxf4 Rc3 39. f5
exf5 40. Rb1 Ke5 41. Kf2 Kf4 42. Rb2 g5 43. a4 g4 44. b4 Ra3 0-1

[Event "Open 13 2010/2011"]
[Site "Vitrolles"]
[Date "2010.12.04"]
[Round "3"]
[White "Jullien, Patrick"]
[Black "Vialette, Eric"]
[Result "0-1"]
[WhiteElo "1786"]
[BlackElo "1640"]
[PlyCount "78"]
[EventDate "2010.??.??"]

1. d4 Nf6 2. c4 c5 3. d5 b5 4. cxb5 a6 5. bxa6 Bxa6 6. Nc3 g6 7. Nf3 d6 8. e4
Bxf1 9. Kxf1 Bg7 10. g3 O-O 11. Kg2 Ng4 12. Re1 Nd7 13. h3 Nge5 14. Nxe5 Nxe5
15. f4 Nd7 16. Qf3 Rb8 17. Rb1 Qa5 18. Bd2 Rb7 19. e5 Rfb8 20. exd6 exd6 21.
Ne4 Rxb2 22. Rxb2 Rxb2 23. Kh1 Qxa2 24. Bc3 Qb3 25. Qe3 Rb1 26. Rxb1 Qxb1+ 27.
Kg2 Qa2+ 28. Qd2 Qxd2+ 29. Bxd2 Bf8 30. Bc3 f5 31. Ng5 Nb6 32. Ne6 Nxd5 33. Bd2
Be7 34. Kf3 h6 35. g4 Kf7 36. g5 h5 37. Nxc5 dxc5 38. Ke2 Bd6 39. Kd3 Bxf4 0-1

[Event "Open 13 2010/2011"]
[Site "Vitrolles"]
[Date "2010.12.04"]
[Round "3"]
[White "Solchaga, Jerome"]
[Black "Parroco, Pierre-Jean"]
[Result "0-1"]
[WhiteElo "1778"]
[BlackElo "1686"]
[PlyCount "62"]
[EventDate "2010.??.??"]

1. e4 e5 2. Nf3 Nc6 3. Bb5 a6 4. Ba4 Nf6 5. O-O Be7 6. Re1 b5 7. Bb3 d6 8. h3
Na5 9. d4 Nxb3 10. axb3 Nd7 11. c4 c6 12. cxb5 cxb5 13. d5 O-O 14. Nbd2 Nb6 15.
Nf1 f5 16. exf5 Bxf5 17. Ng3 Bg6 18. Be3 Bf7 19. Bxb6 Qxb6 20. Rc1 Rac8 21. Qd2
Qb7 22. Nf5 Rfe8 23. Nxe7+ Rxe7 24. Rxc8+ Qxc8 25. Ng5 h6 26. Nxf7 Rxf7 27. Rc1
Rc7 28. Rxc7 Qxc7 29. Qc3 Qxc3 30. bxc3 a5 31. f3 a4 0-1

[Event "Open 13 2010/2011"]
[Site "Vitrolles"]
[Date "2010.12.05"]
[Round "3"]
[White "Figier, Anthony"]
[Black "Jean, Nicolas"]
[Result "1/2-1/2"]
[WhiteElo "1676"]
[BlackElo "1713"]
[PlyCount "120"]
[EventDate "2010.??.??"]

1. e4 e5 2. Nf3 Nc6 3. d4 exd4 4. Nxd4 Bc5 5. Be3 Qf6 6. c3 d6 7. g3 Ne5 8. Bg2
Bg4 9. Qa4+ Bd7 10. Qd1 Bg4 11. Qa4+ Bd7 12. Qc2 Ne7 13. O-O Ng4 14. b4 Bb6 15.
a4 Nxe3 16. fxe3 Qg5 17. Qf2 O-O 18. a5 Bxd4 19. exd4 Ng6 20. Qd2 Qe7 21. Qd3
Rab8 22. Nd2 a6 23. Rfe1 Rfd8 24. h4 f6 25. c4 Qf7 26. Rf1 Bg4 27. Qe3 Qd7 28.
Kh2 Re8 29. Qd3 c6 30. Rfb1 f5 31. b5 fxe4 32. Bxe4 cxb5 33. cxb5 d5 34. Bf3
Bf5 35. Qb3 Bxb1 36. Rxb1 axb5 37. Qxb5 Qxb5 38. Rxb5 Ne7 39. Nb3 Kh8 40. Kh3
g6 41. Rb6 Nc8 42. Rb4 Ne7 43. Rb6 Kg7 44. Nc5 Nc8 45. Rxb7+ Rxb7 46. Nxb7 Ne7
47. a6 Ra8 48. Nc5 Ra7 49. Kg4 Kf6 50. Kf4 h5 51. Bg2 Ra8 52. Bf3 Rd8 53. Nb7
Rb8 54. Nc5 Rb2 55. g4 hxg4 56. Bxg4 Nf5 57. Nd7+ Ke6 58. Nf8+ Kf6 59. Nd7+ Ke6
60. Nf8+ Kf6 1/2-1/2

[Event "Open 13 2010/2011"]
[Site "Vitrolles"]
[Date "2010.12.04"]
[Round "3"]
[White "Estevez, Ange"]
[Black "Mallan, Charles"]
[Result "0-1"]
[WhiteElo "1638"]
[BlackElo "1710"]
[PlyCount "49"]
[EventDate "2010.??.??"]

1. e4 c5 2. Nf3 d6 3. d4 cxd4 4. Nxd4 Nf6 5. Nc3 e6 6. Be2 Be7 7. O-O O-O 8.
Be3 a6 9. Kh1 Qc7 10. f4 Nc6 11. Nxc6 bxc6 12. Bf3 Bb7 13. Qe2 a5 14. Qf2 c5
15. a4 Bc6 16. g4 Qb7 17. Qg2 d5 18. exd5 exd5 19. Kg1 Rac8 20. Nb5 Rfd8 21.
Rad1 Ne4 22. Bxe4 dxe4 23. c4 Rd3 24. Qe2 Rcd8 25. Rf2 0-1

[Event "Open 13 2010/2011"]
[Site "Vitrolles"]
[Date "2010.12.04"]
[Round "3"]
[White "Dudognon, Thibault"]
[Black "Mosse, Laurent"]
[Result "1/2-1/2"]
[WhiteElo "1665"]
[BlackElo "1782"]
[PlyCount "92"]
[EventDate "2010.??.??"]

1. e4 c6 2. d4 d5 3. Nc3 dxe4 4. Nxe4 Bf5 5. Ng3 Bg6 6. h4 h6 7. Nf3 Nd7 8. h5
Bh7 9. Bd3 Bxd3 10. Qxd3 Qc7 11. Bd2 Ngf6 12. O-O-O O-O-O 13. Ne4 Nxe4 14. Qxe4
Nf6 15. Qe2 e6 16. c3 Qa5 17. Kb1 Bd6 18. Ne5 Bxe5 19. dxe5 Nd7 20. f4 Nb6 21.
Rh3 Qd5 22. b3 Qc5 23. Be3 Rxd1+ 24. Qxd1 Qd5 25. Qxd5 Nxd5 26. c4 Nc3+ 27. Kb2
Ne2 28. Rf3 Rd8 29. Kc2 Nd4+ 30. Bxd4 Rxd4 31. g3 c5 32. Rd3 Rxd3 33. Kxd3 Kd7
34. Ke4 a6 35. g4 Ke7 36. Kd3 f5 37. g5 Kd7 38. Kc3 Kc6 39. b4 cxb4+ 40. Kxb4
b6 41. a4 a5+ 42. Kc3 Kc5 43. g6 Kc6 44. Kd4 Kd7 45. c5 Kc6 46. cxb6 Kxb6
1/2-1/2

[Event "Open 13 2010/2011"]
[Site "Vitrolles"]
[Date "2010.12.04"]
[Round "3"]
[White "Bertrand, Alexandre"]
[Black "Battaglia, Gerard"]
[Result "0-1"]
[WhiteElo "1660"]
[BlackElo "1896"]
[PlyCount "82"]
[EventDate "2010.??.??"]

1. e4 e6 2. d4 d5 3. e5 c5 4. c3 Qb6 5. Bd3 Bd7 6. Nf3 Bb5 7. Bxb5+ Qxb5 8. Qe2
Qb6 9. Be3 Nc6 10. O-O Rc8 11. dxc5 Bxc5 12. Bxc5 Qxc5 13. Nbd2 Nge7 14. Nb3
Qb6 15. Rfe1 O-O 16. Qe3 Qc7 17. Nbd4 Ng6 18. Nxc6 bxc6 19. g3 c5 20. h4 Rb8
21. b3 a5 22. h5 Ne7 23. Nh4 Qa7 24. g4 d4 25. cxd4 Rb4 26. Nf3 Nd5 27. Qd2
cxd4 28. Re4 f5 29. gxf5 Rxf5 30. Nxd4 Rxh5 31. Nc6 Qf7 32. Re3 Rg4+ 33. Kf1
Nxe3+ 34. Qxe3 Rh1+ 35. Ke2 Rxa1 36. Qd2 Re4+ 37. Kd3 Qd7+ 38. Kc3 Qxc6+ 39.
Kb2 Rf1 40. Qd8+ Kf7 41. Qxa5 Qc1# 0-1

[Event "Open 13 2010/2011"]
[Site "Vitrolles"]
[Date "2010.12.04"]
[Round "3"]
[White "Israel, Daniel"]
[Black "Blanc, Michel"]
[Result "1-0"]
[WhiteElo "1895"]
[BlackElo "1662"]
[PlyCount "81"]
[EventDate "2010.??.??"]

1. d4 d5 2. Nf3 Nf6 3. e3 Bf5 4. c4 c6 5. Nc3 e6 6. a3 Nbd7 7. b4 Bd6 8. Bb2 e5
9. cxd5 cxd5 10. dxe5 Nxe5 11. Nd4 Bg4 12. Bb5+ Bd7 13. Bd3 Nxd3+ 14. Qxd3 a6
15. Nf5 Bxf5 16. Qxf5 Qd7 17. Qf3 Rd8 18. Ne2 Qe6 19. Bxf6 Qxf6 20. Qxf6 gxf6
21. O-O Kd7 22. Rfd1 Ke6 23. Nd4+ Ke7 24. Rac1 Rd7 25. f4 Bb8 26. Kf2 Rhd8 27.
Kf3 Ba7 28. g4 Bxd4 29. Rxd4 Rd6 30. f5 Rc6 31. Rcd1 Rc3 32. a4 Rc4 33. a5 Rxd4
34. Rxd4 Kd6 35. Kf4 Rc8 36. e4 Rc4 37. Rxd5+ Ke7 38. b5 Rb4 39. b6 Rb5 40.
Rxb5 axb5 41. a6 1-0

[Event "Open 13 2010/2011"]
[Site "Vitrolles"]
[Date "2010.12.04"]
[Round "3"]
[White "Baquer, Marc"]
[Black "Desmas, William"]
[Result "1/2-1/2"]
[WhiteElo "1792"]
[BlackElo "1710"]
[PlyCount "107"]
[EventDate "2010.??.??"]

1. d4 d5 2. Bg5 Nf6 3. Nd2 c5 4. Bxf6 gxf6 5. dxc5 Qa5 6. e3 Bf5 7. Ngf3 e5 8.
c3 Qxc5 9. Nb3 Qd6 10. Nh4 Bg6 11. g3 Nc6 12. Bg2 Rd8 13. O-O Bh6 14. Qe2 Bg5
15. Rad1 Ne7 16. Nxg6 hxg6 17. f4 Bh6 18. fxe5 fxe5 19. e4 Qb6+ 20. Kh1 d4 21.
cxd4 exd4 22. Qc4 O-O 23. Rxd4 Rc8 24. Qd3 Nc6 25. Rd6 Rcd8 26. Qd5 Rxd6 27.
Qxd6 Bg7 28. Qc5 Qa6 29. Qa3 Qe2 30. Nc1 Qxb2 31. Qxb2 Bxb2 32. Nd3 Bd4 33. Rb1
b6 34. Rc1 Ne5 35. Nxe5 Bxe5 36. Kg1 Rd8 37. Rc2 Kf8 38. Kf2 Ke7 39. Ke2 a6 40.
Rc6 Rd6 41. Rc7+ Rd7 42. Rc6 Rc7 43. Rxc7+ Bxc7 44. Kd3 Be5 45. Kc4 Kd6 46. a4
Kc6 47. Bf3 b5+ 48. axb5+ axb5+ 49. Kb4 Bd6+ 50. Kb3 Kc5 51. h4 Bxg3 52. h5 Kd4
53. hxg6 fxg6 54. Kb4 1/2-1/2

[Event "Open 13 2010/2011"]
[Site "Vitrolles"]
[Date "2010.12.04"]
[Round "3"]
[White "Scamaroni, Jean-Paul"]
[Black "Flores, Antonio"]
[Result "1-0"]
[WhiteElo "1656"]
[BlackElo "1755"]
[PlyCount "107"]
[EventDate "2010.??.??"]

1. d4 d5 2. c4 c6 3. Nc3 Nf6 4. Nf3 e6 5. Bg5 Nbd7 6. e3 Be7 7. Rc1 dxc4 8.
Bxc4 b5 9. Bd3 Bb7 10. O-O a6 11. Ne4 Nxe4 12. Bxe7 Qxe7 13. Bxe4 Rc8 14. Nd2
Nf6 15. Bf3 O-O 16. Rc5 g6 17. a3 Nd7 18. Rc3 e5 19. Nb3 Nf6 20. dxe5 Qxe5 21.
Qc2 Rfd8 22. Rc1 Nd5 23. Rc5 Qf6 24. Na5 Ba8 25. Nxc6 Bxc6 26. Bxd5 Bd7 27.
Rxc8 Rxc8 28. Qd2 Rd8 29. Rc7 Be6 30. e4 Bxd5 31. exd5 Qe5 32. Rc5 Re8 33. g3
Qf5 34. Rc3 Rd8 35. Rd3 Rd6 36. b4 h5 37. f3 g5 38. Kg2 g4 39. Qd1 h4 40. fxg4
h3+ 41. Kxh3 Qe4 42. g5 Qf5+ 43. Kg2 Qxg5 44. Rd4 Qf6 45. Qg4+ Kf8 46. Rf4 Qe7
47. Qf5 f6 48. Rh4 Qg7 49. Qc8+ Kf7 50. Qc7+ Kg8 51. Qxd6 Qg6 52. Qd8+ Kf7 53.
Qd7+ Kg8 54. Rg4 1-0

[Event "Open 13 2010/2011"]
[Site "Vitrolles"]
[Date "2011.01.08"]
[Round "4"]
[White "Anton, Jose"]
[Black "Madranges, Jean"]
[Result "0-1"]
[WhiteElo "1879"]
[BlackElo "1771"]
[PlyCount "92"]
[EventDate "2011.??.??"]

1. e4 c5 2. d4 cxd4 3. c3 dxc3 4. Nxc3 e6 5. Nf3 a6 6. Bc4 b5 7. Bb3 Bb7 8. Qe2
d6 9. O-O Nd7 10. Rd1 Be7 11. Bf4 Qb6 12. Be3 Qa5 13. Nd4 Ngf6 14. f3 O-O 15.
a3 Rac8 16. Ba2 Kh8 17. Rac1 Ne5 18. Nb3 Qd8 19. Nc5 Qc7 20. Nxb5 axb5 21. Nxe6
Qd7 22. Nxf8 Bxf8 23. Rxc8 Bxc8 24. Rc1 Ba6 25. Qc2 Nc4 26. Bxc4 bxc4 27. Qd2
Qb5 28. Bd4 Nd7 29. Bc3 Ne5 30. Qd4 Nd3 31. Rd1 Qg5 32. Qa7 d5 33. Bd4 Nf4 34.
g3 Ne2+ 35. Kg2 Nxd4 36. Qxd4 dxe4 37. Qxe4 Qb5 38. Rd2 c3 39. Rd1 Qxb2+ 40.
Kh3 Qxa3 41. Rd8 Bf1+ 42. Kg4 Kg8 43. Ra8 Qd6 44. Qe8 c2 45. Rc8 Bd3 46. Qe3
Qe6+ 0-1

[Event "Open 13 2010/2011"]
[Site "Vitrolles"]
[Date "2011.01.08"]
[Round "4"]
[White "Vallette, Patrick"]
[Black "Burmonas, Romain"]
[Result "0-1"]
[WhiteElo "1849"]
[BlackElo "1818"]
[PlyCount "124"]
[EventDate "2011.??.??"]

1. e4 e5 2. Nf3 Nc6 3. c3 Nf6 4. d4 exd4 5. e5 Qe7 6. cxd4 d5 7. Nc3 Bg4 8. Be2
Ne4 9. Nxd5 Qd7 10. Nc3 Bb4 11. Qd3 Bf5 12. Qe3 Ne7 13. Bd2 Bxc3 14. Bxc3 Nd5
15. Qc1 O-O 16. O-O Rad8 17. Nh4 Bg4 18. f3 Nexc3 19. bxc3 Bh5 20. g4 Bg6 21.
Nxg6 hxg6 22. Bc4 Qc6 23. Bxd5 Qxd5 24. Qe3 Rfe8 25. Rf2 Re6 26. Rb1 c5 27. f4
cxd4 28. Qxd4 Qa5 29. Qb4 Qd5 30. Qxb7 Qd3 31. Rbf1 Qxc3 32. Qxa7 Qd3 33. f5
Ra6 34. Qe7 Ra4 35. fxg6 Rxg4+ 36. Rg2 Rxg2+ 37. Kxg2 Qxg6+ 38. Kh1 Qe4+ 39.
Kg1 Qg4+ 40. Kh1 Rd7 41. Qe8+ Kh7 42. Qa8 Rd1 43. Rxd1 Qxd1+ 44. Kg2 Qe2+ 45.
Kg1 Qxe5 46. Qg2 Qa1+ 47. Qf1 Qxa2 48. Qf5+ g6 49. Qh3+ Kg7 50. Qc3+ f6 51.
Qc7+ Qf7 52. Qd6 Qb7 53. Qf4 Qb1+ 54. Kg2 Qc2+ 55. Kf1 g5 56. Qg3 Kg6 57. Kg1
Qd1+ 58. Kg2 Qd2+ 59. Kh1 f5 60. h3 Qd1+ 61. Kh2 Qe2+ 62. Kg1 f4 0-1

[Event "Open 13 2010/2011"]
[Site "Vitrolles"]
[Date "2011.01.08"]
[Round "4"]
[White "Noireaut, Hung"]
[Black "Flores, Adrian"]
[Result "0-1"]
[WhiteElo "1799"]
[BlackElo "1825"]
[PlyCount "68"]
[EventDate "2011.??.??"]

1. e4 c5 2. Nc3 Nc6 3. g3 Nf6 4. Bg2 e5 5. d3 d6 6. h3 Be7 7. f4 exf4 8. Bxf4
Nd4 9. Nge2 Ne6 10. Bd2 O-O 11. O-O Rb8 12. g4 h6 13. Ng3 Nd4 14. Nce2 Nc6 15.
Nf5 Bxf5 16. exf5 Re8 17. Ng3 Nh7 18. Nh5 Bg5 19. Kh1 d5 20. Bxg5 Nxg5 21. h4
Nh7 22. f6 g6 23. Qd2 g5 24. hxg5 hxg5 25. Rf5 Re5 26. Raf1 Qd6 27. Rxe5 Nxe5
28. d4 Nc4 29. Qc3 Re8 30. dxc5 Qxc5 31. Rf5 Qe3 32. Qxe3 Nxe3 33. Rf2 Nxg4 34.
Rd2 Re1+ 0-1